| 000 | 00853nam a2200253Ia 4500 | ||
|---|---|---|---|
| 003 | OSt | ||
| 005 | 20221005102952.0 | ||
| 006 | a|||||r|||| 00| 0 | ||
| 007 | ta | ||
| 008 | 221004b |||||||| |||| 00| 0 hin d | ||
| 024 | _a108727 | ||
| 037 | _cTextual | ||
| 040 |
_aCRL _cCRL _bhin |
||
| 041 |
_2hin _ahin |
||
| 082 | _aO152,6M89x, J8 | ||
| 100 | _aजयशंकर प्रसाद | ||
| 245 | 0 | _aकाव्य और कला तथा अन्य निबन्ध | |
| 246 | _aKāvya aur kalā tathā anya nibandha | ||
| 260 |
_aइलाहाबाद _bभारती - भंडार भारत _c1958 |
||
| 300 |
_a126पृ0 _ccm. |
||
| 650 | _aहिन्दी साहित्य | ||
| 942 |
_hO152,6M89x, J8 _cTEXL _2cc |
||
| 999 |
_c1009192 _d1009192 |
||